MARC

Tag First Indicator Second Indicator Subfields
LEADER 00000cam a2200000 4500
001 in00000042341
005 20151007072650.0
008 780204s1910 gw b 00010 ger d
010 |a ac 33003585  
035 |a (OCoLC)03604074 
035 |9 AAE8328AM 
040 |a HDC  |c HDC  |d TXA  |d UtOrBLW 
049 |a TXAM  |c [97699] 
050 0 |a AS182  |b .B33 1910, Anhang, abh. 3 
090 |a AS182  |b .P947 1910 
092 |a 551.3  |b W237s 
100 1 |a Walther, Johannes,  |d 1860-1937. 
245 1 4 |a Die sedimente der taubenbank im golfe von Neapel /  |c von prof. dr. Johannes Walther. 
264 1 |a Berlin :  |b Die Konigl. Akademie der wissenschaften,  |c 1910. 
300 |a 49 pages :  |b 2 maps (1 folded) ;  |c 30 cm. 
336 |a text  |b txt  |2 rdacontent 
337 |a unmediated  |b n  |2 rdamedia 
338 |a volume  |b nc  |2 rdacarrier 
490 0 |a Abhandlungen der Koniglich preussischen akademie der wissenschaften. Jahrg. 1910 Physikalisch-mathematische classe. (Auhang, abh. III) 
500 |a Series title in part on t.-p. 
650 0 |a Sedimentation and deposition. 
650 0 |a Geology  |z Naples, Bay of. 
999 |a MARS 
999 f f |s 4a897377-4203-3180-a9e1-c8e7bb314675  |i 279b660a-b830-317c-93bc-a4446b3ccf0f  |t 0 
952 f f |p ric  |a Texas A&M University  |b Rellis Campus  |c Joint Library Facility  |d Remote Storage  |t 0  |e AS182 .P947 1910  |h Library of Congress classification  |i unmediated -- volume  |m A14800951274 
998 f f |a AS182 .P947 1910  |t 0  |l Remote Storage